<?xml version="1.0" encoding="UTF-8"?>
<record
    xmlns:xsi="http://www.w3.org/2001/XMLSchema-instance"
    xsi:schemaLocation="http://www.loc.gov/MARC21/slim http://www.loc.gov/standards/marcxml/schema/MARC21slim.xsd"
    xmlns="http://www.loc.gov/MARC21/slim">

  <leader>02427    a2200241   4500</leader>
  <controlfield tag="001">57358</controlfield>
  <controlfield tag="005">20260407155835.0</controlfield>
  <controlfield tag="008">260407a2021    arg                 spa d</controlfield>
  <controlfield tag="003">AR-UNSa-BCEJYS</controlfield>
  <datafield tag="040" ind1=" " ind2=" ">
    <subfield code="a">AR-UNSa-BCEJYS</subfield>
    <subfield code="b">spa</subfield>
    <subfield code="c">AR-UNSa-BCEJYS</subfield>
  </datafield>
  <datafield tag="080" ind1=" " ind2=" ">
    <subfield code="a">330.82</subfield>
    <subfield code="x">Teor&#xED;as econ&#xF3;micas cl&#xE1;sicas y poscl&#xE1;sica. Liberalismo. Escuelas &#xE9;tica, rom&#xE1;ntica, hist&#xF3;rica</subfield>
  </datafield>
  <datafield tag="245" ind1="1" ind2="0">
    <subfield code="a">La acci&#xF3;n humana</subfield>
    <subfield code="p">tratado de econom&#xED;a</subfield>
  </datafield>
  <datafield tag="020" ind1=" " ind2=" ">
    <subfield code="a">978-84-7209-836-7</subfield>
  </datafield>
  <datafield tag="250" ind1=" " ind2=" ">
    <subfield code="a">14a. ed.</subfield>
  </datafield>
  <datafield tag="264" ind1=" " ind2="1">
    <subfield code="a">Madrid :</subfield>
    <subfield code="b">Union Editorial</subfield>
    <subfield code="c">2021</subfield>
  </datafield>
  <datafield tag="300" ind1=" " ind2=" ">
    <subfield code="a">lxxiv, 1068 p.</subfield>
    <subfield code="c">23 cm.</subfield>
  </datafield>
  <datafield tag="505" ind1=" " ind2=" ">
    <subfield code="a">1. El hombre en acci&#xF3;n &#x2013; 2. Problemas epistemol&#xF3;gicos de las ciencias de la acci&#xF3;n humana &#x2013; 3. La econom&#xED;a y la rebeli&#xF3;n contra la raz&#xF3;n &#x2013; 4. Un primer an&#xE1;lisis de la categor&#xED;a de acci&#xF3;n &#x2013; 5. El tiempo &#x2013; 6. La incertidumbre &#x2013; 7. La acci&#xF3;n en el mundo &#x2013; 8. La sociedad humana &#x2013; 9. El papel de las ideas &#x2013; 10. El intercambio en la sociedad &#x2013; 11. Evaluaci&#xF3;n sin calculo &#x2013; 12. El &#xE1;mbito del c&#xE1;lculo econ&#xF3;mico &#x2013; 13. El c&#xE1;lculo monetario al servicio de la acci&#xF3;n &#x2013; 14. El &#xE1;mbito y metodolog&#xED;a de la catal&#xE1;ctica &#x2013; 15. El mercado &#x2013; 16. Los precios &#x2013; 17. El cambio indirecto &#x2013; 18. La acci&#xF3;n y el transcurso del tiempo &#x2013; 19. El inter&#xE9;s &#x2013; 20. El inter&#xE9;s, la expresi&#xF3;n crediticia y el ciclo econ&#xF3;mico &#x2013; 21. Trabajo y salarios &#x2013; 22. Los factores originarios de producci&#xF3;n no humanos &#x2013; 23. Los datos del mercado &#x2013; 24. Armon&#xED;a y conflicto de intereses &#x2013; 25. La construcci&#xF3;n imaginaria de una sociedad socialista &#x2013; 26. La imposibilidad del c&#xE1;lculo econ&#xF3;mico bajo el socialismo &#x2013; 27. El gobierno y el mercado &#x2013; 28. El intervencionismo fiscal &#x2013; 29. La restricci&#xF3;n de la producci&#xF3;n &#x2013; 30. La intervenci&#xF3;n de los precios &#x2013; 31. La manipulaci&#xF3;n del dinero y del cr&#xE9;dito &#x2013; 32. Confiscaci&#xF3;n y redistribuci&#xF3;n &#x2013; 33. Sindicalismo y corporativismo &#x2013; 34. La econom&#xED;a de guerra &#x2013; 35. El principio del bienestar frente al principio del mercado &#x2013; 36. La crisis del intervencionismo &#x2013; 37. El car&#xE1;cter no descriptivo de la econom&#xED;a &#x2013; 38. La econom&#xED;a en el sistema educativo &#x2013; 39. La econom&#xED;a y los problemas esenciales de la existencia humana </subfield>
  </datafield>
  <datafield tag="041" ind1=" " ind2=" ">
    <subfield code="a">spa</subfield>
  </datafield>
  <datafield tag="942" ind1=" " ind2=" ">
    <subfield code="c">BK</subfield>
  </datafield>
  <datafield tag="590" ind1=" " ind2=" ">
    <subfield code="a">niveau_biblio:m niveau_hierar:0</subfield>
  </datafield>
  <datafield tag="100" ind1="1" ind2=" ">
    <subfield code="a">Von Mises, Ludwig</subfield>
  </datafield>
  <datafield tag="856" ind1="4" ind2="1">
    <subfield code="u">https://biblioeco.unsa.edu.ar/pmb/images/libros/L128749.jpg</subfield>
    <subfield code="y">Imagen de portada</subfield>
    <subfield code="q">image/jpeg</subfield>
  </datafield>
  <datafield tag="999" ind1=" " ind2=" ">
    <subfield code="c">6192</subfield>
    <subfield code="d">6192</subfield>
  </datafield>
  <datafield tag="952" ind1=" " ind2=" ">
    <subfield code="0">0</subfield>
    <subfield code="1">0</subfield>
    <subfield code="4">0</subfield>
    <subfield code="7">0</subfield>
    <subfield code="a">BCEJYS</subfield>
    <subfield code="b">BCEJYS</subfield>
    <subfield code="c">16</subfield>
    <subfield code="d">2026-04-07</subfield>
    <subfield code="l">0</subfield>
    <subfield code="o">330.82 V945 14ed.</subfield>
    <subfield code="p">L128749</subfield>
    <subfield code="r">2026-04-07 15:58:35</subfield>
    <subfield code="w">2026-04-07</subfield>
    <subfield code="y">L</subfield>
  </datafield>
</record>
